<?xml version="1.0" encoding="UTF-8"?>
<record
    xmlns:xsi="http://www.w3.org/2001/XMLSchema-instance"
    xsi:schemaLocation="http://www.loc.gov/MARC21/slim http://www.loc.gov/standards/marcxml/schema/MARC21slim.xsd"
    xmlns="http://www.loc.gov/MARC21/slim">

  <leader>02620nab a2200241uuc4500</leader>
  <controlfield tag="001">1447940</controlfield>
  <controlfield tag="005">20250226100832.0</controlfield>
  <controlfield tag="008">160811e20160905                    por  </controlfield>
  <datafield tag="035" ind1=" " ind2=" ">
    <subfield code="a">1447940</subfield>
  </datafield>
  <datafield tag="040" ind1=" " ind2=" ">
    <subfield code="c">comduadb</subfield>
  </datafield>
  <datafield tag="041" ind1=" " ind2=" ">
    <subfield code="a">por</subfield>
  </datafield>
  <datafield tag="100" ind1="1" ind2="0">
    <subfield code="a">Araujo, Ana C&#xE1;ssia Medeiros</subfield>
    <subfield code="4">aut</subfield>
    <subfield code="e">aut</subfield>
    <subfield code="9">753530</subfield>
  </datafield>
  <datafield tag="245" ind1="1" ind2="0">
    <subfield code="a">Caracteriza&#xE7;&#xE3;o estrutural e status de conserva&#xE7;&#xE3;o do estrato herb&#xE1;ceo de dunas da Praia de S&#xE3;o Marcos, Maranh&#xE3;o, Brasil</subfield>
  </datafield>
  <datafield tag="520" ind1="3" ind2=" ">
    <subfield code="a">RESUMEN: As dunas costeiras t&#xEA;m sido apontadas como um dos ambientes mais deteriorados do litoral brasileiro amea&#xE7;ando assim a vegeta&#xE7;&#xE3;o de restinga. O objetivo desse estudo foi descrever a fitossociologia do estrato herb&#xE1;ceo da vegeta&#xE7;&#xE3;o de dunas e avaliar o status de conserva&#xE7;&#xE3;o da &#xE1;rea no litoral maranhense. O estudo foi realizado na Praia de S&#xE3;o Marcos, localizada na por&#xE7;&#xE3;o norte da Ilha do Maranh&#xE3;o. Para a amostragem fitossociol&#xF3;gica foi utilizado o m&#xE9;todo de parcelas (50 parcelas de 1 m2), sendo analisados os par&#xE2;metros fitossociol&#xF3;gicos tradicionais em vegeta&#xE7;&#xE3;o. Tamb&#xE9;m foram determinadas as formas de vida, distribui&#xE7;&#xE3;o fitogeogr&#xE1;fica e status de conserva&#xE7;&#xE3;o da comunidade vegetal. Nos 50 m&#xB2; foram amostradas 35 esp&#xE9;cies das quais Paspalum maritimum, Paspalum ligulare, Cassytha filiformis, Chamaecrista hispidula e Euploca polyphylla obtiveram os maiores VI's. O &#xED;ndice de diversidade de Shannon, quando calculado com valores de cobertura, resultou em H' =1,69 nats m-&#xB2; e quando calculado com valores de frequ&#xEA;ncia, foi de H' =3,04 nats m-&#xB2;. A &#xE1;rea exibiu predomin&#xE2;ncia de cam&#xE9;fitos e ter&#xF3;fitos, indicando que essas formas de vida s&#xE3;o uma estrat&#xE9;gia adaptativa das esp&#xE9;cies que ocorrem nesse tipo de vegeta&#xE7;&#xE3;o para resistir as condi&#xE7;&#xF5;es clim&#xE1;ticas adversas. O ecossistema amostrado apresentou esp&#xE9;cies de ampla distribui&#xE7;&#xE3;o nos biomas brasileiros, sendo ausentes endemismos. Foram identificados 14 fatores de impactos, dos quais cinco atingem com mais gravidade a vegeta&#xE7;&#xE3;o de restinga. Portanto, s&#xE3;o necess&#xE1;rios mais estudos com foco na conserva&#xE7;&#xE3;o dos ecossistemas de dunas, a fim de evitar danos que comprometam a diversidade vegetal dessas &#xE1;reas.</subfield>
  </datafield>
  <datafield tag="650" ind1=" " ind2=" ">
    <subfield code="a">Dunas</subfield>
    <subfield code="9">22960</subfield>
  </datafield>
  <datafield tag="650" ind1=" " ind2=" ">
    <subfield code="a">Playas</subfield>
    <subfield code="9">58724</subfield>
  </datafield>
  <datafield tag="650" ind1=" " ind2=" ">
    <subfield code="a">Ecosistemas costeros</subfield>
    <subfield code="9">26449</subfield>
  </datafield>
  <datafield tag="650" ind1=" " ind2=" ">
    <subfield code="a">Ecosistemas - Brasil</subfield>
    <subfield code="9">199010</subfield>
  </datafield>
  <datafield tag="700" ind1="1" ind2="0">
    <subfield code="a">Silva, Ariade Nazar&#xE9; Fontes da</subfield>
    <subfield code="4">aut</subfield>
    <subfield code="e">aut</subfield>
    <subfield code="9">739364</subfield>
  </datafield>
  <datafield tag="700" ind1="1" ind2="0">
    <subfield code="a">Almeida Jr., Eduardo Bezerra de</subfield>
    <subfield code="4">aut</subfield>
    <subfield code="e">aut</subfield>
    <subfield code="9">739365</subfield>
  </datafield>
  <datafield tag="773" ind1="0" ind2=" ">
    <subfield code="t">Acta Amazonica (Manaus)</subfield>
    <subfield code="g">Volumen 46, N&#xFA;mero 03, Septiembre de 2016, 247-258</subfield>
    <subfield code="w">(CO-MdUADB)198142</subfield>
    <subfield code="x">0044-5967</subfield>
    <subfield code="0">88128</subfield>
    <subfield code="9">660277</subfield>
    <subfield code="o">1019696</subfield>
  </datafield>
  <datafield tag="942" ind1=" " ind2=" ">
    <subfield code="c">ARIMP</subfield>
  </datafield>
  <datafield tag="999" ind1=" " ind2=" ">
    <subfield code="c">745548</subfield>
    <subfield code="d">745548</subfield>
  </datafield>
</record>
